| Tag |
First Indicator |
Second Indicator |
Subfields |
| LEADER |
00000cam a22000001 4500 |
| 001 |
in00000038978 |
| 005 |
20151007081426.0 |
| 008 |
740518s1967 nyua b 00000 eng |
| 010 |
|
|
|a 67027541
|
| 035 |
|
|
|a (OCoLC)00295262
|
| 035 |
|
|
|9 AAF6359AM
|
| 040 |
|
|
|a DLC
|c DLC
|d TXA
|d UtOrBLW
|
| 049 |
|
|
|a TXAM
|c [469074]
|
| 050 |
0 |
0 |
|a JK2408
|b .C58
|
| 082 |
0 |
|
|a 320.973
|
| 092 |
|
|
|a 320.973
|b C7341m
|
| 110 |
2 |
|
|a Committee for Economic Development.
|
| 245 |
1 |
0 |
|a Modernizing State government /
|c a statement on national policy by the Research and Policy Committee of the Committee for Economic Development.
|
| 264 |
|
1 |
|a [New York],
|b [publisher not identified] ;
|c 1967.
|
| 300 |
|
|
|a 85 pages :
|b illustrations ;
|c 28 cm.
|
| 336 |
|
|
|a text
|b txt
|2 rdacontent
|
| 337 |
|
|
|a unmediated
|b n
|2 rdamedia
|
| 338 |
|
|
|a volume
|b nc
|2 rdacarrier
|
| 504 |
|
|
|a Includes bibliographical references.
|
| 650 |
|
0 |
|a State governments.
|
| 999 |
|
|
|a MARS
|
| 999 |
f |
f |
|s fd86e162-fa6d-3db2-a3ce-e96ba853c6c7
|i f54b0b16-50aa-32e9-b387-c59555b59083
|t 0
|
| 952 |
f |
f |
|p ric
|a Texas A&M University
|b Rellis Campus
|c Joint Library Facility
|d Remote Storage
|t 0
|e JK2408 .C58
|h Library of Congress classification
|i unmediated -- volume
|m A14800660904
|
| 998 |
f |
f |
|a JK2408 .C58
|t 0
|l Remote Storage
|